| 000 | 01299nam a2200217Ia 4500 | ||
|---|---|---|---|
| 003 | Ost | ||
| 005 | 20260507075633.0 | ||
| 008 | 260507s9999||||xx |||||||||||||| ||und|| | ||
| 040 | _cfsecg | ||
| 041 | _aara | ||
| 082 | _a332.1 | ||
| 100 |
_aالناشف، أنطوان _eمؤلف |
||
| 245 | 0 |
_aالعمليات المصرفية والسوق المالية : _bدمج المصارف الجزء 3 / _c أنطوان الناشف |
|
| 260 |
_aطرابلس: _bالمؤسسة الحديثة للكتاب, _c2000 |
||
| 300 |
_a432 صفحة؛ _bإيضاحات ؛ _c24 سم |
||
| 520 | _aالاندماج أفضل الخيارات أمام البنوك ومؤسسات المال الأوروبية قبل طرح اليورو- الإندماج المصرفي في ضوء العملة الاروبية- تسارع عمليات الدمج والشراء في المصارف الاوروبية- اندماج مصارف الفرنسي- الطاقة الفائضة والتكاليف التصاعدة- ظاهرة الإندماج- فورة الإندماجات تمتد الى بنوك ايطاليا- النقود ماضيا وحاضرا ومستقبلا | ||
| 653 | _aالسوق المالية | ||
| 653 | _aالمصارف | ||
| 700 |
_aالهندي، خليل _eمؤلف ثانوي |
||
| 942 | _cكتاب | ||
| 999 |
_c45258 _d45258 |
||